Fransız diplomatik belgelerinde Ermeni olayları (1914-1918) = (Record no. 8314)
| 000 -BAŞLIK | |
|---|---|
| Sabit Uzunluktaki Kontrol Alanı | 01632nam a22003857a 4500 |
| 001 - KONTROL NUMARASI | |
| Control Dosyası | 0008342 |
| 003 - KONTROL NUMARASI KİMLİĞİ | |
| Kontrol Alanı | KOHA_MİRAKIL |
| 005 - EN SON İŞLEM TARİHİ ve ZAMANI | |
| Kontrol Alanı | 20260207001630.0 |
| 007 - FİZİKSEL TANIM SABİT ALAN - GENEL BİLGİ | |
| Sabit uzunluklu kontrol alanı | ta |
| 008 - SABİT UZUNLUKTAKİ VERİ ÖGELERİ - GENEL BİLGİ | |
| Sabit Alan | 091009b2005 tu |||gr||||#0|||0|tur | |
| 020 ## - ISBN - ULUSLARARASI STANDART KİTAP NUMARASI | |
| Isbn | 9751617685 |
| Nitelik bilgileri | Tk. 9751617723 |
| -- | c.1 |
| -- | 9751617898 |
| -- | c.2 |
| -- | 9751617901 |
| -- | c.3 |
| -- | 975161791X |
| -- | c.4 |
| -- | 9751617928 |
| -- | c.5 |
| -- | 9751618046 |
| -- | c.6 |
| Kullanılabilirlik koşulları | TL10 |
| 040 ## - KATALOGLAMA KAYNAĞI | |
| Özgün Kataloglama Kurumu | TR-BiSEU |
| Kataloglama Dili | tur |
| Çeviri Kurumu | TR-BiSEU |
| Açıklama Kuralları | rda |
| 041 0# - DİL KODU | |
| Metin ya da ses kaydının dil kodu | tur |
| 044 ## - YAYINLAYAN/ÜRETEN KURULUŞUN ÜLKE KODU | |
| ISO country code | tu |
| 050 ## - SINIFLAMA ve YER NUMARASI | |
| Sınıflama Numarası | DR435 |
| Yer Numarası | .F73 2005 |
| 240 10 - TEK BİÇİM BAŞLIK | |
| Tekbiçim Başlık | <a href="Les evenements Armeniens dans les documents diplomatiques Français (1914-1918)">Les evenements Armeniens dans les documents diplomatiques Français (1914-1918)</a> |
| Language of a work | Türkçe |
| 245 1# - ESER ADI BİLDİRİMİ | |
| Başlık | Fransız diplomatik belgelerinde Ermeni olayları (1914-1918) = |
| Alt Eseradı vb. | Les evenements Armeniens dans les documents diplomatiques Français (1914-1918)/ |
| Sorumluluk Bildirimi | haz. Hasan Dilan. |
| 264 #1 - ÜRERİM, YAYIN, DAĞITIM ve TELİF BİLDİRİMİ | |
| Yayın yeri | Ankara : |
| Yayınlayan | Türk Tarih Kurumu |
| Yayın tarihi | 2005 |
| 300 ## - FİZİKSEL TANIMLAMA | |
| Sayfa, Cilt vb. | 6 c., CIV, 471 sayfa ; |
| Boyutları | 23 cm. |
| 336 ## - İÇERİK TÜRÜ | |
| Content type term | metin |
| Content type code | txt |
| Source | rdacontent |
| 337 ## - MEDYA TÜRÜ | |
| Media type term | aracısız |
| Media type code | n |
| Source | rdamedia |
| 338 ## - TAŞIYICI TÜRÜ | |
| Carrier type term | cilt |
| Carrier type code | nc |
| Source | rdacarrier |
| 490 1# - DİZİ BİLDİRİMİ | |
| Dizi Bildirimi | Atatürk Kültür, Dil ve Tarih Yüksek Kurumu Türk Tarih Kurumu yayınları ; |
| Cilt Numarası | XVI.dizi-sayı 106-a. |
| 500 ## - GENEL NOT | |
| Genel Not | Kaynakça ve dizin var. |
| 500 ## - GENEL NOT | |
| Genel Not | Eser Fransız belge resimleri içermektedir. |
| 650 #0 - KONU BAŞLIĞI EK GİRİŞ - KONU TERİMİ | |
| Konusal terim veya coğrafi ad | Armenians--Turkey. |
| 9 (RLIN) | 14208 |
| 650 #0 - KONU BAŞLIĞI EK GİRİŞ - KONU TERİMİ | |
| Konusal terim veya coğrafi ad | Turkey--Ethnic relations--Armenians. |
| 9 (RLIN) | 16749 |
| 650 #0 - KONU BAŞLIĞI EK GİRİŞ - KONU TERİMİ | |
| Konusal terim veya coğrafi ad | Armenian questions. |
| 9 (RLIN) | 5883 |
| 650 #0 - KONU BAŞLIĞI EK GİRİŞ - KONU TERİMİ | |
| Konusal terim veya coğrafi ad | Ermeniler--Türkiye. |
| 9 (RLIN) | 15120 |
| 650 #0 - KONU BAŞLIĞI EK GİRİŞ - KONU TERİMİ | |
| Konusal terim veya coğrafi ad | Türkiye--Etnik ilişkiler--Ermeniler. |
| 9 (RLIN) | 16751 |
| 650 #0 - KONU BAŞLIĞI EK GİRİŞ - KONU TERİMİ | |
| Konusal terim veya coğrafi ad | Ermeni sorunu. |
| 9 (RLIN) | 9825 |
| 830 1# - SERİ EK GİRİŞİ - TEKBİÇİM ESER ADI | |
| Tekbiçim Başlık | Atatürk Kültür, Dil ve Tarih Yüksek Kurumu Türk Tarih Kurumu yayınları ; |
| Volume number/sequential designation | XVI.dizi-sayı 106-a. |
| 9 (RLIN) | 6368 |
| 907 ## - LOCAL DATA ELEMENT G, LDG (RLIN) | |
| a | Tarih |
| 942 ## - EK GİRİŞ ÖGELERİ (KOHA) | |
| Source of classification or shelving scheme | Library of Congress Classification |
| Koha item type | Book |
| Materyal Türü | Kalıcı Konum | Mevcut Konum | Raf Yeri | Sınıflandırma Kaynağı | Edinim Bilgisi | Ana Konular | Alt Konular | Yer Numarası | Cilt Bilgisi | Demirbaş Numarası | Fatura Tarihi | Maliyet, Alış Fiyatı | Maliyet, Yenileme Fiyatı | Geri Çekilme Durumu | Kayıp Durumu | Hasarlı Durumu | Kredi için değil | Kayıt Tarih | Toplam Ödünçverme | Son Görülme Tarihi | Son Kontrol Tarihi | Satın Alma Notu |
|---|---|---|---|---|---|---|---|---|---|---|---|---|---|---|---|---|---|---|---|---|---|---|
| Book | Prof. Dr. Azmi Özcan Kütüphanesi | Prof. Dr. Azmi Özcan Kütüphanesi | Uluğbey Salonu | Library of Congress Classification | Satın | DÜNYA TARİHİ (AVRUPA, ASYA, AFRİKA VB.) | Balkan Yarımadası | DR435 .F73 2005 | c.I | 0008342 | 09/09/2009 | 10.00 | 10.00 | 09/10/2009 | 05/12/2024 | 05/12/2024 | 283 | |||||
| Book | Prof. Dr. Azmi Özcan Kütüphanesi | Prof. Dr. Azmi Özcan Kütüphanesi | Uluğbey Salonu | Library of Congress Classification | Satın | DÜNYA TARİHİ (AVRUPA, ASYA, AFRİKA VB.) | Balkan Yarımadası | DR435 .F73 2005 | c.II | 0008343 | 09/09/2009 | 10.00 | 10.00 | 09/10/2009 | 05/12/2024 | 05/12/2024 | 283 | |||||
| Book | Prof. Dr. Azmi Özcan Kütüphanesi | Prof. Dr. Azmi Özcan Kütüphanesi | Uluğbey Salonu | Library of Congress Classification | Satın | DÜNYA TARİHİ (AVRUPA, ASYA, AFRİKA VB.) | Balkan Yarımadası | DR435 .F73 2005 | c.III | 0008344 | 09/09/2009 | 6.00 | 6.00 | 09/10/2009 | 05/12/2024 | 05/12/2024 | 283 | |||||
| Book | Prof. Dr. Azmi Özcan Kütüphanesi | Prof. Dr. Azmi Özcan Kütüphanesi | Uluğbey Salonu | Library of Congress Classification | Satın | DÜNYA TARİHİ (AVRUPA, ASYA, AFRİKA VB.) | Balkan Yarımadası | DR435 .F73 2005 | c.IV | 0008345 | 09/09/2009 | 15.00 | 15.00 | 09/10/2009 | 05/12/2024 | 05/12/2024 | 283 | |||||
| Book | Prof. Dr. Azmi Özcan Kütüphanesi | Prof. Dr. Azmi Özcan Kütüphanesi | Uluğbey Salonu | Library of Congress Classification | Satın | DÜNYA TARİHİ (AVRUPA, ASYA, AFRİKA VB.) | Balkan Yarımadası | DR435 .F73 2005 | c.V | 0008346 | 09/09/2009 | 14.00 | 14.00 | 09/10/2009 | 05/12/2024 | 05/12/2024 | 283 | |||||
| Book | Prof. Dr. Azmi Özcan Kütüphanesi | Prof. Dr. Azmi Özcan Kütüphanesi | Uluğbey Salonu | Library of Congress Classification | Satın | DÜNYA TARİHİ (AVRUPA, ASYA, AFRİKA VB.) | Balkan Yarımadası | DR435 .F73 2005 | c.VI | 0008347 | 09/09/2009 | 4.00 | 4.00 | 09/10/2009 | 05/12/2024 | 05/12/2024 | 283 |
